000 00509nam a2200169Ia 4500
008 090711s9999 xx 000 0 und d
082 _b45293
100 _aअभ्यंकर कुसुम
245 _aउध्वस्त अंगण
260 _c1982
300 _a184
600 _aअभ्यंकर कुसुम
630 _aउध्वस्त अंगण
700 _aअभ्यंकर कुसुम
730 _aउध्वस्त अंगण
942 _cBOOK
999 _c297700
_d297700